Kaart van Landen in de poolcirkel Quiz - Statistieken

Algemene statistieken
  • Deze quiz is 188 keer genomen
  • De gemiddelde score is 6 van 7
Antwoorden op de kaart
Antwoorden kleurgecodeerd door een groen-rode schaal op de quizkaart volgens % correct hieronder.
 
Antwoordstatistieken
Antwoord % Correct
Finland
95%
Rusland
95%
Denemarken
94%
Noorwegen
93%
Canada
92%
Zweden
92%
Verenigde Staten
89%
Geen overeenkomende quizzen gevonden
Scoreverdeling
Procent van Mensen met Elke Score
Percentiel versus Aantal Correcte Antwoorden
Uw Scoregeschiedenis
U heeft deze quiz nog niet genomen